Girls don't have cooties / (Record no. 9023)

MARC details
000 -LEADER
fixed length control field 01126nam a22002657a 4500
001 - CONTROL NUMBER
control field 9023
003 - CONTROL NUMBER IDENTIFIER
control field FISKH
005 - DATE AND TIME OF LATEST TRANSACTION
control field 20251118084339.0
008 - FIXED-LENGTH DATA ELEMENTS--GENERAL INFORMATION
fixed length control field 251114b cb ||||| |||| 00| 0 eng d
020 ## - INTERNATIONAL STANDARD BOOK NUMBER
International Standard Book Number 9780448427058
040 ## - CATALOGING SOURCE
Original cataloging agency FISKH
Language of cataloging eng
Transcribing agency FISKH
Modifying agency FISKH
050 ## - LIBRARY OF CONGRESS CALL NUMBER
Classification number PZ7.K944
082 ## - DEWEY DECIMAL CLASSIFICATION NUMBER
Classification number 813.54
100 ## - MAIN ENTRY--PERSONAL NAME
Personal name Krulik, Nancy E.
Relator term Author
245 ## - TITLE STATEMENT
Title Girls don't have cooties /
Statement of responsibility, etc. by Nancy Krulik ; Illustrated by John & Wendy
260 ## - PUBLICATION, DISTRIBUTION, ETC.
Place of publication, distribution, etc. Toronto :
Name of publisher, distributor, etc. Grosset & Dunlap ,
Date of publication, distribution, etc. 2002
300 ## - PHYSICAL DESCRIPTION
Extent 76 pages :
Other physical details illustrations ;
Dimensions 20 cm
505 ## - FORMATTED CONTENTS NOTE
Formatted contents note N<br/>
520 ## - SUMMARY, ETC.
Summary, etc. Fantasy. Juvenile Fiction. Juvenile Literature. Katie has plans to go to Suzanne's all-girl sleepover party, but Jeremy wants her to ride the hot new rollercoaster. Annoyed, Jeremy and the other boys from Class 3A decide that all girls have cooties. When Katie finds herself in Jeremy's shoes-literally-she tries to reunite the boys and girls. Will Katie's plan work? Or will it just be one big mess?<br/>
521 8# - TARGET AUDIENCE NOTE
Target audience note 580<br/>
Source Lexile<br/>
521 8# - TARGET AUDIENCE NOTE
Target audience note N<br/>
Source Raz-Plus<br/>
650 ## - SUBJECT ADDED ENTRY--TOPICAL TERM
Topical term or geographic name entry element Realistic fiction
Form subdivision Children's books
942 ## - ADDED ENTRY ELEMENTS (KOHA)
Source of classification or shelving scheme Dewey Decimal Classification
Koha item type Books
Suppress in OPAC No
Holdings
Withdrawn status Lost status Source of classification or shelving scheme Damaged status Not for loan Home library Current library Shelving location Date acquired Total Checkouts Full call number Barcode Date last seen Date last checked out Copy number Price effective from Koha item type
    Dewey Decimal Classification     Footprints International School Library Network Toul Tom Poung Campus Footprints International School Library Network Toul Tom Poung Campus TTP Primary Yellow Bookshelves 11/14/2025 1 KRU 813.54 PZ7.K944 FIS00407 01/21/2026 12/10/2025 1 11/14/2025 Books